[Event "TCh-HUN 2017-18"]
[Site "Hungary HUN"]
[Date "2017.11.26"]
[Round "2.2"]
[White "Izsak, Gyula"]
[Black "Berkes, Ferenc"]
[Result "0-1"]
[WhiteTitle "IM"]
[BlackTitle "GM"]
[WhiteElo "2437"]
[BlackElo "2653"]
[WhiteTeam "Aquarena Kobanya SC"]
[BlackTeam "ASE Paks"]
[WhiteFideId "702234"]
[BlackFideId "718572"]
[EventDate "2017.11.25"]
[EventType "team-tourn"]

1. d4 Nf6 2. Nf3 d6 3. c4 Nbd7 4. Nc3 c6 5. e4 e5 6. Be2 Be7 7. O-O O-O 8. Qc2
Re8 9. Rd1 Qc7 10. h3 exd4 11. Nxd4 Bf8 12. Bf4 Nc5 13. Bf3 a5 14. b3 g6 15. Rd2
h5 16. Rad1 Re5 17. Nde2 Kh7 18. h4 Bd7 19. Nc1 Ne6 20. Be3 Ng4 21. Nd3 Nxe3 22.
fxe3 Bg7 23. Nxe5 Bxe5 24. Ne2 Qb6 25. Kf2 a4 26. Nc1 axb3 27. axb3 Nc5 28. Nd3
Nxd3+ 29. Rxd3 Be6 30. Qe2 Qd8 31. g3 g5 32. Bxh5 gxh4 33. Bg4 Qg5 34. Bxe6 fxe6
35. Qf3 Qh6 36. Ke2 Rf8 37. Qh1 Qh5+ 38. Kd2 Rf2+ 39. Kc1 Bxg3 40. R3d2 Rf8 41.
Kc2 Rf3 42. Rd3 Qg4 43. Rf1 Bf2 44. e5 dxe5 45. e4 Rxd3 46. Kxd3 Qg3+ 47. Kc2 h3
48. Rd1 Qg2 49. Kd3 Kg6 50. Rb1 Bd4 51. Rf1 Kg5 0-1

[Event "TCh-HUN 2017-18"]
[Site "Hungary HUN"]
[Date "2017.11.26"]
[Round "2.3"]
[White "Parligras, Mircea-Emilian"]
[Black "Szabo, Bence"]
[Result "1-0"]
[WhiteTitle "GM"]
[BlackTitle "IM"]
[WhiteElo "2613"]
[BlackElo "2369"]
[WhiteTeam "ASE Paks"]
[BlackTeam "Aquarena Kobanya SC"]
[WhiteFideId "1204297"]
[BlackFideId "733776"]
[EventDate "2017.11.25"]
[EventType "team-tourn"]

1. d4 Nf6 2. c4 c5 3. d5 e6 4. Nc3 exd5 5. cxd5 d6 6. Nf3 g6 7. Nd2 Bg7 8. e4
O-O 9. Be2 a6 10. a4 Nbd7 11. O-O Re8 12. Re1 Rb8 13. h3 Qc7 14. a5 g5 15. Qc2
Ne5 16. Nf1 h6 17. Ng3 Ng6 18. Bd2 Nf4 19. Qc1 Nxe2+ 20. Rxe2 b5 21. axb6 Qxb6
22. Nd1 Rb7 23. h4 Rbe7 24. Nc3 gxh4 25. Bxh6 Re5 26. Bxg7 Kxg7 27. Nf5+ Bxf5
28. exf5 Rxf5 29. Rxe8 Nxe8 30. Ra4 Rh5 31. Qa1 Qb3 32. Rxa6 Qc2 33. b4 h3 34.
Ne4+ Kf8 35. Ng3 h2+ 36. Kh1 Re5 37. f4 Rxd5 38. Qh8+ Ke7 39. Ra7+ Kd8 40. Ra8+
Kc7 41. Rxe8 1-0

[Event "TCh-HUN 2017-18"]
[Site "Hungary HUN"]
[Date "2017.11.26"]
[Round "2.4"]
[White "Toth, Ervin"]
[Black "Papp, Gabor1"]
[Result "0-1"]
[WhiteTitle "IM"]
[BlackTitle "GM"]
[WhiteElo "2449"]
[BlackElo "2603"]
[WhiteTeam "Aquarena Kobanya SC"]
[BlackTeam "ASE Paks"]
[WhiteFideId "726559"]
[BlackFideId "718602"]
[EventDate "2017.11.25"]
[EventType "team-tourn"]

1. d4 Nf6 2. c4 e6 3. Nc3 d5 4. cxd5 Nxd5 5. e4 Nxc3 6. bxc3 c5 7. Nf3 cxd4 8.
cxd4 Bb4+ 9. Bd2 Bxd2+ 10. Qxd2 O-O 11. Be2 b6 12. O-O Bb7 13. Qe3 Nd7 14. a4
Rc8 15. Ra3 Qe7 16. Rfa1 Bc6 17. Rb3 Qd8 18. h3 h6 19. Ba6 Rc7 20. Qf4 Nf6 21.
Bd3 Ba8 22. a5 bxa5 23. Rba3 Qe7 24. Rxa5 Rd8 25. g4 Ne8 26. g5 h5 27. g6 fxg6
28. Rg5 Rc3 29. Rd1 Qf6 30. Qe3 Nd6 31. d5 Nxe4 32. Qxe4 Bxd5 33. Qxg6 Qxg6 34.
Bxg6 Rxf3 35. Be4 Rxh3 36. Bxd5 exd5 37. Rdxd5 Rxd5 38. Rxd5 Rf3 39. Rxh5 Rf6
40. Ra5 a6 41. Kg2 Kf7 42. Kg3 Ke7 43. f4 Kd7 44. Rc5 Kd6 45. Rc8 Kd5 46. Kg4
Rc6 47. Rd8+ Kc4 48. Kg5 a5 49. Ra8 Kb5 50. Rg8 Rc7 51. Rb8+ Ka6 52. f5 a4 53.
Kg6 Ra7 54. Kh7 a3 55. Rb3 a2 56. Ra3+ Kb6 57. Rxa2 Rxa2 58. Kxg7 Rg2+ 59. Kf7
Kc7 0-1

[Event "TCh-HUN 2017-18"]
[Site "Hungary HUN"]
[Date "2017.11.26"]
[Round "2.5"]
[White "Acs, Peter"]
[Black "Konnyu, Janos"]
[Result "1-0"]
[WhiteTitle "GM"]
[BlackTitle "IM"]
[WhiteElo "2588"]
[BlackElo "2366"]
[WhiteTeam "ASE Paks"]
[BlackTeam "Aquarena Kobanya SC"]
[WhiteFideId "708020"]
[BlackFideId "721280"]
[EventDate "2017.11.25"]
[EventType "team-tourn"]

1. e4 c6 2. d4 d5 3. Nc3 dxe4 4. Nxe4 Nd7 5. Nf3 Ngf6 6. Nc3 g6 7. g3 Bg7 8. Bg2
O-O 9. O-O Nb6 10. a4 Be6 11. a5 Nbd5 12. Ne2 Rc8 13. c4 Nb4 14. Qb3 c5 15. Bd2
Nc6 16. d5 Nxd5 17. cxd5 Bxd5 18. Qc2 Nd4 19. Nexd4 cxd4 20. Qa4 e5 21. Rac1 Bc6
22. Qb3 e4 23. Ng5 e3 24. Nxf7 Rxf7 25. fxe3 Bf6 26. e4 Qe7 27. Bb4 1-0

[Event "TCh-HUN 2017-18"]
[Site "Hungary HUN"]
[Date "2017.11.26"]
[Round "2.6"]
[White "Krizsany, Laszlo"]
[Black "Szabo, Krisztian1"]
[Result "1/2-1/2"]
[WhiteTitle "IM"]
[BlackTitle "GM"]
[WhiteElo "2424"]
[BlackElo "2498"]
[WhiteTeam "Aquarena Kobanya SC"]
[BlackTeam "ASE Paks"]
[WhiteFideId "701718"]
[BlackFideId "722901"]
[EventDate "2017.11.25"]
[EventType "team-tourn"]

1. d4 Nf6 2. c4 d6 3. Nc3 Nbd7 4. e4 e5 5. d5 Nc5 6. f3 Be7 7. Be3 O-O 8. Qd2 c6
9. Nge2 h5 10. g3 cxd5 11. cxd5 Nh7 12. Bg2 f5 13. O-O fxe4 14. Nxe4 Nxe4 15.
fxe4 Bg5 16. Rxf8+ Kxf8 17. Rf1+ Kg8 18. Bxg5 Nxg5 19. Nc3 Bg4 20. Qe3 a6 1/2-1/2

[Event "TCh-HUN 2017-18"]
[Site "Hungary HUN"]
[Date "2017.11.26"]
[Round "2.7"]
[White "Lizak, Peter"]
[Black "Turzo, Attila"]
[Result "1-0"]
[WhiteTitle "IM"]
[BlackTitle "IM"]
[WhiteElo "2471"]
[BlackElo "2283"]
[WhiteTeam "ASE Paks"]
[BlackTeam "Aquarena Kobanya SC"]
[WhiteFideId "731595"]
[BlackFideId "704954"]
[EventDate "2017.11.25"]
[EventType "team-tourn"]

1. d4 Nf6 2. Nc3 d5 3. Bf4 c6 4. e3 Bf5 5. f3 e6 6. g4 Bg6 7. h4 h6 8. Bd3 Bxd3
9. Qxd3 Qb6 10. Nge2 Qa6 11. Ng3 Qxd3 12. cxd3 a6 13. Kf2 c5 14. Na4 Nfd7 15.
dxc5 e5 16. Bxe5 Nxe5 17. Nb6 Ra7 18. d4 Nd3+ 19. Ke2 Nxb2 20. Nxd5 Nc4 21. Rhc1
Na5 22. Rab1 Nd7 23. Rc3 Kd8 24. h5 Nc6 25. Ne4 Be7 26. f4 Re8 27. Kf3 Bf8 28.
Nd2 Ne7 29. Nxe7 Bxe7 30. Nc4 Kc7 31. Nb6 Bf8 32. e4 Kd8 33. Nc4 a5 34. a4 Nxc5
35. dxc5 Bxc5 36. Ne5 Rxe5 37. fxe5 b6 38. Rd1+ Ke7 39. Kf4 Ke6 40. Rd8 g5+ 41.
hxg6 fxg6 42. Re8+ Kf7 43. Rh8 Kg7 44. Rd8 Rf7+ 45. Kg3 Bf2+ 46. Kg2 Bc5 47.
Rcd3 h5 48. gxh5 gxh5 49. R3d7 h4 50. e6 Re7 51. e5 Kg6 52. Rxe7 Bxe7 53. Rd7
Bc5 54. Rf7 Bb4 55. Kh3 Bc5 56. Kxh4 1-0

[Event "TCh-HUN 2017-18"]
[Site "Hungary HUN"]
[Date "2017.11.26"]
[Round "2.8"]
[White "Horvath, David"]
[Black "Groszpeter, Attila"]
[Result "1/2-1/2"]
[WhiteTitle "IM"]
[BlackTitle "GM"]
[WhiteElo "2377"]
[BlackElo "2441"]
[WhiteTeam "Aquarena Kobanya SC"]
[BlackTeam "ASE Paks"]
[WhiteFideId "704890"]
[BlackFideId "700053"]
[EventDate "2017.11.25"]
[EventType "team-tourn"]

1. d4 Nf6 2. Nf3 e6 3. c4 d5 4. Nc3 Be7 5. Bg5 h6 6. Bh4 O-O 7. e3 b6 8. Rc1 Bb7
9. cxd5 Nxd5 10. Bxe7 Qxe7 11. Be2 Nf6 1/2-1/2

[Event "TCh-HUN 2017-18"]
[Site "Hungary HUN"]
[Date "2017.11.26"]
[Round "2.9"]
[White "Kaczur, Florian"]
[Black "Farkas, Richard"]
[Result "1/2-1/2"]
[WhiteTitle "IM"]
[WhiteElo "2458"]
[BlackElo "2346"]
[WhiteTeam "ASE Paks"]
[BlackTeam "Aquarena Kobanya SC"]
[WhiteFideId "705098"]
[BlackFideId "703850"]
[EventDate "2017.11.25"]
[EventType "team-tourn"]

1. e4 e6 2. d4 d5 3. Nd2 dxe4 4. Nxe4 Nd7 5. g3 Ngf6 6. Nxf6+ Nxf6 7. Bg2 e5 8.
Nf3 exd4 9. Qxd4 Be7 10. O-O O-O 11. Re1 c6 12. Bf4 Nd5 13. Rad1 Bf6 14. Be5
Bxe5 15. Nxe5 Be6 16. Nd3 b6 17. Nf4 Nxf4 18. Qxf4 Qc8 19. Rd6 Bd5 20. Re7 Bxg2
21. Kxg2 Qa6 22. a4 Rae8 23. Rxe8 Rxe8 24. Qe4 Qc8 25. Qxc6 g6 26. Qxc8 Rxc8 27.
c3 Rc4 28. Rd4 Rc7 29. Kf3 Kf8 30. Re4 Rd7 31. Ke2 f5 32. Rd4 Rc7 33. Kf3 Kf7
34. Kf4 Kf6 35. Rd6+ Ke7 36. Ke5 Rc5+ 37. Rd5 Rc4 38. Rd4 Rc5+ 39. Kf4 Kf6 40.
h4 Rc7 41. Rd6+ Ke7 42. Ke5 Rc5+ 43. Rd5 Rc4 44. Rd4 Rc5+ 45. Kf4 h6 46. c4 Rc6
47. h5 g5+ 48. Kxf5 Rf6+ 49. Ke5 Rxf2 50. b4 Ra2 51. Kf5 Rxa4 52. b5 Ra3 53. g4
Rf3+ 54. Kg6 Rf4 55. Rd1 Rxg4 56. Re1+ Kf8 57. Kxh6 Rxc4 58. Kg6 g4 59. h6 g3
60. Rg1 Kg8 61. Rxg3 Rc1 62. Ra3 Rg1+ 63. Kf6 Rh1 64. Rxa7 Rxh6+ 65. Kf5 Kf8 66.
Ke4 1/2-1/2

[Event "TCh-HUN 2017-18"]
[Site "Hungary HUN"]
[Date "2017.11.26"]
[Round "2.10"]
[White "Urhegyi, Marton"]
[Black "Videki, Sandor"]
[Result "1/2-1/2"]
[WhiteTitle "FM"]
[BlackTitle "IM"]
[WhiteElo "2249"]
[BlackElo "2428"]
[WhiteTeam "Aquarena Kobanya SC"]
[BlackTeam "ASE Paks"]
[WhiteFideId "740411"]
[BlackFideId "700479"]
[EventDate "2017.11.25"]
[EventType "team-tourn"]

1. e4 c5 2. c3 Nf6 3. e5 Nd5 4. d4 cxd4 5. Nf3 Nc6 6. cxd4 d6 7. Bc4 Nb6 8. Bb5
dxe5 9. Nxe5 Bd7 10. Nxd7 Qxd7 11. Nc3 e6 12. O-O Be7 13. Qg4 Kf8 14. Rd1 Rd8 1/2-1/2

[Event "TCh-HUN 2017-18"]
[Site "Hungary HUN"]
[Date "2017.11.26"]
[Round "2.11"]
[White "Lazarne Vajda, Szidonia"]
[Black "Polyik, Peter"]
[Result "0-1"]
[WhiteTitle "IM"]
[WhiteElo "2364"]
[BlackElo "2264"]
[WhiteTeam "ASE Paks"]
[BlackTeam "Aquarena Kobanya SC"]
[WhiteFideId "723894"]
[BlackFideId "758817"]
[EventDate "2017.11.25"]
[EventType "team-tourn"]

1. e4 Nf6 2. e5 Nd5 3. d4 d6 4. exd6 cxd6 5. c4 Nb6 6. Nc3 g6 7. Be3 Bg7 8. Rc1
O-O 9. b3 e5 10. dxe5 dxe5 11. Qxd8 Rxd8 12. c5 N6d7 13. Bc4 Nc6 14. Ne4 Nf8 15.
Ng5 Rd7 16. Ne2 h6 17. Ne4 Re7 18. N2c3 Be6 19. Bxe6 Rxe6 20. Nd5 Rd8 21. Nd6
Nd4 22. Bxd4 exd4+ 23. Kd2 Be5 24. Nc7 Rf6 25. Nxb7 Rd7 26. Ne8 Rxf2+ 27. Ke1
Rxa2 28. Ned6 Re7 29. Kf1 Bf4 30. Rd1 Ree2 31. Rxd4 Reb2 32. Re4 Rb1+ 33. Re1
Rxe1+ 34. Kxe1 Ra1+ 35. Kf2 Rxh1 36. c6 Bxd6 37. Nxd6 Rc1 38. Nc4 Ne6 0-1

[Event "TCh-HUN 2017-18"]
[Site "Hungary HUN"]
[Date "2017.11.26"]
[Round "2.12"]
[White "Havanecz, Bianka"]
[Black "Krstulovic, Alex"]
[Result "0-1"]
[WhiteTitle "WIM"]
[BlackTitle "FM"]
[WhiteElo "2199"]
[BlackElo "2296"]
[WhiteTeam "Aquarena Kobanya SC"]
[BlackTeam "ASE Paks"]
[WhiteFideId "704814"]
[BlackFideId "760056"]
[EventDate "2017.11.25"]
[EventType "team-tourn"]

1. d4 d5 2. c4 c6 3. Nf3 Nf6 4. e3 Bf5 5. Nc3 a6 6. Qb3 Ra7 7. a4 e6 8. a5 Nbd7
9. Be2 Bd6 10. Bd2 O-O 11. c5 Bc7 12. Qb4 Ne4 13. h3 Bg6 14. O-O f5 15. Ra3 Bh5
16. Be1 g5 17. Nd2 Nxc3 18. Bxh5 Nb5 19. Ra1 Qf6 20. Be2 f4 21. Nf3 h5 22. exf4
gxf4 23. Rd1 Kh8 24. Bd2 Rg8 25. Rfe1 Qf5 26. Kh1 Nf6 27. Rg1 Ne4 28. Be1 Rg7
29. Bf1 Ra8 30. Nh4 Qf6 31. Nf3 Rag8 32. Qa4 Qf5 33. Rd3 Bd8 34. Qc2 Bf6 35. Qd1
Rg6 36. Kh2 Kg7 37. Qa4 Kf8 38. Qd1 Ke8 39. Be2 Kd8 40. Bf1 Kc8 41. Be2 Kb8 42.
Bf1 Ka8 43. Rb3 Ka7 44. Rd3 R6g7 45. Rb3 e5 46. dxe5 Bxe5 47. Bd3 Nd4 48. Bxe4
Qxe4 49. Rd3 Ne2 50. Rf1 Rxg2+ 51. Kh1 Rg1+ 52. Rxg1 Rxg1+ 53. Kh2 Qg6 0-1

[Event "TCh-HUN 2017-18"]
[Site "Hungary HUN"]
[Date "2017.11.26"]
[Round "2.1"]
[White "Grigoriants, Sergey"]
[Black "Saric, Ivan"]
[Result "1/2-1/2"]
[WhiteTitle "GM"]
[BlackTitle "GM"]
[WhiteElo "2558"]
[BlackElo "2661"]
[WhiteTeam "Dunaharaszti MTK"]
[BlackTeam "Penzugyor SE"]
[WhiteFideId "4130804"]
[BlackFideId "14508150"]
[EventDate "2017.11.25"]
[EventType "team-tourn"]

1. c4 e5 2. Nc3 Bb4 3. Nd5 Bc5 4. b4 Bf8 5. Bb2 c6 6. Ne3 Bxb4 7. Bxe5 Nf6 8.
Nf3 O-O 9. g3 Re8 10. Bg2 Ne4 11. Bb2 d5 12. O-O dxc4 13. Nxc4 Na6 14. Rc1 Ng5
15. Nfe5 Bh3 16. Bxh3 Nxh3+ 17. Kg2 Ng5 18. h4 Ne6 19. d4 1/2-1/2

[Event "TCh-HUN 2017-18"]
[Site "Hungary HUN"]
[Date "2017.11.26"]
[Round "2.2"]
[White "Baklan, Vladimir"]
[Black "Gonda, Laszlo"]
[Result "1/2-1/2"]
[WhiteTitle "GM"]
[BlackTitle "GM"]
[WhiteElo "2604"]
[BlackElo "2499"]
[WhiteTeam "Penzugyor SE"]
[BlackTeam "Dunaharaszti MTK"]
[WhiteFideId "14102196"]
[BlackFideId "720852"]
[EventDate "2017.11.25"]
[EventType "team-tourn"]

1. e4 e5 2. Nf3 Nc6 3. Bc4 Bc5 4. c3 Nf6 5. d3 a6 6. Bb3 O-O 7. Nbd2 Ba7 8. Nc4
d5 9. exd5 Nxd5 10. O-O f6 11. Be3 Kh8 12. Bxa7 Rxa7 13. d4 e4 14. Nfd2 f5 15.
Ne3 Nce7 16. Ndc4 f4 17. Nxd5 Nxd5 18. Ne5 f3 19. Bxd5 Qxd5 20. Qb3 Qxb3 21.
axb3 fxg2 22. Kxg2 Ra8 23. f3 1/2-1/2

[Event "TCh-HUN 2017-18"]
[Site "Hungary HUN"]
[Date "2017.11.26"]
[Round "2.3"]
[White "Kovacevic, Blazimir"]
[Black "Brkic, Ante"]
[Result "0-1"]
[WhiteTitle "IM"]
[BlackTitle "GM"]
[WhiteElo "2476"]
[BlackElo "2573"]
[WhiteTeam "Dunaharaszti MTK"]
[BlackTeam "Penzugyor SE"]
[WhiteFideId "14502712"]
[BlackFideId "14506688"]
[EventDate "2017.11.25"]
[EventType "team-tourn"]

1. Nf3 c5 2. g3 Nc6 3. d4 cxd4 4. Nxd4 g6 5. e4 Bg7 6. Ne2 Nf6 7. Bg2 d6 8. Nbc3
O-O 9. O-O Rb8 10. a4 a6 11. h3 b5 12. axb5 axb5 13. Bg5 Nd7 14. Qc1 b4 15. Nd5
Re8 16. Rd1 Bb7 17. Bh6 Bh8 18. Be3 e6 19. Ndf4 Qc7 20. Nd3 Rec8 21. Ra2 Nce5
22. Nxe5 Bxe5 23. b3 Nc5 24. f3 Ba6 25. Nf4 Bc3 26. Bf2 Bb5 27. Qe3 Ra8 28. Rxa8
Rxa8 29. Ne2 Bxe2 30. Qxe2 Ra2 31. Qc4 Rxc2 32. e5 Rxf2 33. Kxf2 Qb6 34. Kf1
Bxe5 35. f4 Bc3 36. Rb1 d5 37. Qe2 Qa7 38. Bf3 Qa3 39. Qc2 d4 40. Bd1 Qa6+ 41.
Qe2 d3 42. Qg2 d2+ 43. Be2 Qa2 44. Rd1 Nxb3 45. Qb7 Nc1 46. Qe4 b3 47. Bd3 b2
48. Bb1 Qb3 49. Qf3 Qc4+ 50. Kg2 h5 51. g4 Ne2 52. f5 Nf4+ 53. Kg3 g5 54. gxh5
Be5 55. Qa8+ Kg7 56. f6+ Bxf6 57. h6+ Kxh6 58. Qe4 Qxe4 59. Bxe4 Ne2+ 0-1

[Event "TCh-HUN 2017-18"]
[Site "Hungary HUN"]
[Date "2017.11.26"]
[Round "2.4"]
[White "Kuljasevic, Davorin"]
[Black "Flumbort, Andras"]
[Result "1-0"]
[WhiteTitle "GM"]
[BlackTitle "GM"]
[WhiteElo "2555"]
[BlackElo "2435"]
[WhiteTeam "Penzugyor SE"]
[BlackTeam "Dunaharaszti MTK"]
[WhiteFideId "14506661"]
[BlackFideId "717274"]
[EventDate "2017.11.25"]
[EventType "team-tourn"]

1. d4 d5 2. c4 c6 3. Nf3 Nf6 4. Nc3 dxc4 5. a4 Bf5 6. Ne5 Nbd7 7. Nxc4 Qc7 8. g3
e5 9. dxe5 Nxe5 10. Bf4 Nfd7 11. Bg2 g5 12. Ne3 gxf4 13. Nxf5 O-O-O 14. Qc2 fxg3
15. hxg3 a5 16. O-O-O Bb4 17. Ne4 Kb8 18. f4 Ng4 19. Bf3 Ngf6 20. Nxf6 Nxf6 21.
e4 Nd7 22. e5 Nc5 23. Bh5 Rdf8 24. Nd6 Rhg8 25. Rhg1 Qe7 26. Kb1 f6 27. Nc4 fxe5
28. Nxe5 Rg7 29. Be2 Qe6 30. Rd4 Qf5 31. Bd3 Nxd3 32. Rxd3 Ka7 33. Rgd1 Rgg8 34.
Ka1 Qe4 35. Qf2+ c5 36. Re3 Qf5 37. Rd7 Ka8 38. Qf3 Rb8 39. Red3 Rge8 40. g4 Qf6
41. R3d6 Re6 42. Qd5 1-0

[Event "TCh-HUN 2017-18"]
[Site "Hungary HUN"]
[Date "2017.11.26"]
[Round "2.5"]
[White "Farago, Ivan"]
[Black "Horvath, Csaba"]
[Result "1/2-1/2"]
[WhiteTitle "GM"]
[BlackTitle "GM"]
[WhiteElo "2385"]
[BlackElo "2507"]
[WhiteTeam "Dunaharaszti MTK"]
[BlackTeam "Penzugyor SE"]
[WhiteFideId "700134"]
[BlackFideId "700118"]
[EventDate "2017.11.25"]
[EventType "team-tourn"]

1. d4 Nf6 2. c4 e6 3. Nf3 b6 4. g3 c6 5. Bg2 Be7 6. O-O d5 7. b3 O-O 8. Bb2 Nbd7
9. Nbd2 Bb7 10. Ne5 c5 1/2-1/2

[Event "TCh-HUN 2017-18"]
[Site "Hungary HUN"]
[Date "2017.11.26"]
[Round "2.6"]
[White "Horvath, Jozsef1"]
[Black "Popovics, Adam"]
[Result "1-0"]
[WhiteTitle "GM"]
[BlackTitle "IM"]
[WhiteElo "2533"]
[BlackElo "2378"]
[WhiteTeam "Penzugyor SE"]
[BlackTeam "Dunaharaszti MTK"]
[WhiteFideId "700061"]
[BlackFideId "721506"]
[EventDate "2017.11.25"]
[EventType "team-tourn"]

1. Nf3 Nf6 2. c4 g6 3. b3 Bg7 4. Bb2 O-O 5. g3 d6 6. Bg2 e5 7. Nc3 Re8 8. O-O c6
9. Rc1 h6 10. e3 Bf5 11. d3 d5 12. d4 e4 13. Ne5 Nbd7 14. cxd5 Nxd5 15. Nxe4
Nxe5 16. dxe5 Bxe4 17. Bxe4 Bxe5 18. Bxe5 Rxe5 19. Qd4 Qe7 20. Bg2 Nc7 21. Rfd1
Nb5 22. Qb2 Re6 23. a4 Nd6 24. Rd3 Ne8 25. Rcd1 Rd6 26. Rxd6 Nxd6 27. b4 a6 28.
Qd4 Ne8 29. Qc5 Qe6 30. Bf1 Qf6 31. Rd7 Rd8 32. Rxb7 Rd2 33. e4 Rd1 34. e5 Qf5
35. e6 Qxe6 36. Re7 Qc8 37. Kg2 Nd6 38. Be2 Rd5 39. Qe3 Kg7 40. Bf3 Rf5 41. Bg4 1-0

[Event "TCh-HUN 2017-18"]
[Site "Hungary HUN"]
[Date "2017.11.26"]
[Round "2.7"]
[White "Tompa, Janos"]
[Black "Balog, Imre"]
[Result "1/2-1/2"]
[WhiteTitle "IM"]
[BlackTitle "GM"]
[WhiteElo "2371"]
[BlackElo "2539"]
[WhiteTeam "Dunaharaszti MTK"]
[BlackTeam "Penzugyor SE"]
[WhiteFideId "700193"]
[BlackFideId "728446"]
[EventDate "2017.11.25"]
[EventType "team-tourn"]

1. Nf3 d5 2. g3 g6 3. Bg2 Bg7 4. c4 d4 5. O-O Nc6 6. e3 e5 7. exd4 Nxd4 8. Re1
Nxf3+ 9. Qxf3 Ne7 10. Nc3 O-O 11. b4 Nc6 12. b5 Nd4 13. Qd1 a6 14. d3 axb5 15.
cxb5 Bd7 16. Rb1 c6 17. a4 Qa5 18. Bd2 Bf5 19. Ne2 Qxa4 20. Nxd4 Qxd4 21. bxc6
bxc6 22. Bxc6 Ra2 23. Be3 Qxd3 24. Qxd3 Bxd3 25. Rb7 Bc4 26. Reb1 h6 27. Bc5 Rc8
28. Rb8 Rxb8 29. Rxb8+ Kh7 30. h4 Be6 31. Be3 Rc2 32. Be4 Rc4 33. Bd3 Rc3 34.
Bf1 Bf6 35. Rb7 Kg7 36. Bg2 Rc4 37. Kh2 Bd8 38. Bf1 Rc2 39. Bg2 Bc7 40. Be4 Rc4
41. Bg2 Bd6 42. Rb6 Bc5 43. Rc6 Bd4 44. Rxc4 Bxc4 45. Bc6 Kf6 46. Kg2 g5 47.
hxg5+ hxg5 48. Kf3 Bb3 49. Bxd4 exd4 50. Ke4 1/2-1/2

[Event "TCh-HUN 2017-18"]
[Site "Hungary HUN"]
[Date "2017.11.26"]
[Round "2.8"]
[White "Hujbert, Florian"]
[Black "Papp, Petra"]
[Result "1-0"]
[WhiteTitle "IM"]
[BlackTitle "WGM"]
[WhiteElo "2444"]
[BlackElo "2335"]
[WhiteTeam "Penzugyor SE"]
[BlackTeam "Dunaharaszti MTK"]
[WhiteFideId "730165"]
[BlackFideId "739049"]
[EventDate "2017.11.25"]
[EventType "team-tourn"]

1. e4 c5 2. Nf3 d6 3. Nc3 Nf6 4. e5 dxe5 5. Nxe5 a6 6. g3 Nbd7 7. Nxd7 Bxd7 8.
Bg2 Qc8 9. O-O e6 10. a4 Bc6 11. d3 Bxg2 12. Kxg2 Qc6+ 13. Qf3 Qxf3+ 14. Kxf3
Nd5 15. Nxd5 exd5 16. Bf4 Kd7 17. Rfe1 Bd6 18. Be5 f6 19. Bxd6 Kxd6 20. a5 Rhe8
21. Re2 Re5 22. Rxe5 Kxe5 23. Ra3 Re8 24. Rb3 Re7 25. c3 Kd6 26. h4 Kc7 27. h5
h6 28. c4 Rd7 29. Kf4 dxc4 30. dxc4 Rd4+ 31. Kf5 Rxc4 32. f4 Rd4 33. Kg6 Rd7 34.
Rb6 c4 35. Rb4 Kc6 36. Rxc4+ Kb5 37. Rc8 Kxa5 38. Rg8 b5 39. Rxg7 Rd2 40. g4
Rxb2 41. Kxh6 b4 42. Rb7 Ka4 43. g5 fxg5 44. fxg5 b3 45. g6 Rg2 46. g7 b2 47.
Rxb2 Rxb2 48. g8=Q Rb6+ 49. Qg6 1-0

[Event "TCh-HUN 2017-18"]
[Site "Hungary HUN"]
[Date "2017.11.26"]
[Round "2.9"]
[White "Balint, Vilmos"]
[Black "Seres, Lajos"]
[Result "0-1"]
[BlackTitle "GM"]
[WhiteElo "2251"]
[BlackElo "2406"]
[WhiteTeam "Dunaharaszti MTK"]
[BlackTeam "Penzugyor SE"]
[WhiteFideId "718050"]
[BlackFideId "701254"]
[EventDate "2017.11.25"]
[EventType "team-tourn"]

1. Nf3 d5 2. g3 Nf6 3. Bg2 c6 4. O-O Bg4 5. c4 e6 6. d3 Nbd7 7. cxd5 cxd5 8. Qb3
Nc5 9. Qb5+ Nfd7 10. d4 a6 11. Qb4 Nd3 12. Qxb7 Nb4 13. Bf4 Nc2 14. Ne5 Nxe5 15.
Bxe5 Qc8 16. Qb6 Nxa1 17. e4 Be7 18. Bxg7 Rb8 19. Qa5 Rg8 20. Be5 Rxb2 21. exd5
exd5 22. Bf4 Rg6 23. Nd2 Bb4 24. Qxd5 Bxd2 25. Qe5+ Kf8 26. Qh8+ Ke7 27. Qe5+
Be6 28. d5 Qc3 29. Qd6+ Ke8 30. dxe6 Rxe6 31. Bxd2 Rxd2 32. Bc6+ Qxc6 33. Qxd2
Nc2 34. Rc1 Nd4 35. Rxc6 Nf3+ 36. Kg2 Nxd2 37. Rc8+ Ke7 38. g4 Re4 39. Rc7+ Ke6
40. Rc6+ Ke5 41. Rxa6 Rxg4+ 42. Kh3 f5 43. Ra5+ Kf4 44. f3 Rg5 45. Ra4+ Kxf3 46.
Kh4 Ne4 47. h3 Rg6 48. Kh5 f4 0-1

[Event "TCh-HUN 2017-18"]
[Site "Hungary HUN"]
[Date "2017.11.26"]
[Round "2.10"]
[White "Szuk, Balazs"]
[Black "Veszpremi, Andras"]
[Result "1/2-1/2"]
[WhiteTitle "IM"]
[WhiteElo "2370"]
[BlackElo "2292"]
[WhiteTeam "Penzugyor SE"]
[BlackTeam "Dunaharaszti MTK"]
[WhiteFideId "706019"]
[BlackFideId "730270"]
[EventDate "2017.11.25"]
[EventType "team-tourn"]

1. e4 c5 2. Nf3 Nc6 3. d4 cxd4 4. Nxd4 g6 5. c4 Nf6 6. Nc3 Nxd4 7. Qxd4 d6 8.
Bg5 Bg7 9. Be2 O-O 10. O-O Be6 11. Qe3 Qa5 12. Rac1 Rfc8 13. b3 a6 14. Kh1 b5
15. cxb5 axb5 16. Nxb5 Rxc1 17. Rxc1 Qxa2 18. Nc7 Rc8 19. Nxe6 Rxc1+ 20. Qxc1
fxe6 21. Bc4 d5 22. Bxf6 Bxf6 23. exd5 Qxf2 24. dxe6 Be5 25. Qf1 Qxf1+ 26. Bxf1
Bd6 27. g3 Kg7 28. Kg2 Kf6 29. Bc4 h5 30. Kf3 Ke5 31. Bd3 g5 32. Bg6 h4 33. Bf7
hxg3 34. hxg3 Kd4 35. Be8 Kc3 36. Ba4 Kb4 37. g4 Be5 38. Ke4 Bc3 39. Kd5 Bf6 40.
Kc6 Be5 41. Kd7 Bf6 42. Ke8 Kc3 43. Kf7 1/2-1/2

[Event "TCh-HUN 2017-18"]
[Site "Hungary HUN"]
[Date "2017.11.26"]
[Round "2.11"]
[White "Vegh, Endre"]
[Black "Gara, Anita"]
[Result "1/2-1/2"]
[WhiteTitle "IM"]
[BlackTitle "IM"]
[WhiteElo "2261"]
[BlackElo "2385"]
[WhiteTeam "Dunaharaszti MTK"]
[BlackTeam "Penzugyor SE"]
[WhiteFideId "700568"]
[BlackFideId "709751"]
[EventDate "2017.11.25"]
[EventType "team-tourn"]

1. d4 Nf6 2. c4 g6 3. Nc3 d5 4. Nf3 Bg7 5. Qa4+ c6 6. cxd5 Nxd5 7. e4 Nxc3 8.
bxc3 O-O 9. Be2 c5 10. Be3 Nc6 11. Rc1 cxd4 12. cxd4 Bg4 13. d5 Bxf3 14. dxc6
Bxe2 15. cxb7 Rb8 16. Kxe2 Rxb7 17. Rhd1 Qb8 18. g3 Rb4 19. Qc6 Rb2+ 20. Rd2 Rd8
21. Rxb2 Qxb2+ 22. Qc2 Qb5+ 23. Kf3 Bd4 1/2-1/2